The Expression of Collectivity in Romance Languages : An Empirical Analysis of Nominal Aspectuality with Focus on French.

The book series Beihefte zur Zeitschrift für romanische Philologie is among the most renowned publications in Romance Studies. It covers the entire field of Romance linguistics, including the national languages as well as the lesser studied Romance languages. The series publishes high-quality monog...

Full description

Bibliographic Details
Main Author: Kleineberg, Désirée.
Format: eBook
Language:English
Published: Berlin/Boston : Walter de Gruyter GmbH, 2022.
Edition:1st ed.
Series:Beihefte Zur Zeitschrift Für Romanische Philologie Series
Subjects:
Online Access:Click to View
LEADER 02101nam a22003853i 4500
001 EBC7070278
003 MiAaPQ
005 20231204023226.0
006 m o d |
007 cr cnu||||||||
008 231204s2022 xx o ||||0 eng d
020 |a 9783110784695  |q (electronic bk.) 
035 |a (MiAaPQ)EBC7070278 
035 |a (Au-PeEL)EBL7070278 
035 |a (OCoLC)1337590118 
040 |a MiAaPQ  |b eng  |e rda  |e pn  |c MiAaPQ  |d MiAaPQ 
082 0 |a 445.54 
100 1 |a Kleineberg, Désirée. 
245 1 4 |a The Expression of Collectivity in Romance Languages :  |b An Empirical Analysis of Nominal Aspectuality with Focus on French. 
250 |a 1st ed. 
264 1 |a Berlin/Boston :  |b Walter de Gruyter GmbH,  |c 2022. 
264 4 |c {copy}2022. 
300 |a 1 online resource (336 pages) 
336 |a text  |b txt  |2 rdacontent 
337 |a computer  |b c  |2 rdamedia 
338 |a online resource  |b cr  |2 rdacarrier 
490 1 |a Beihefte Zur Zeitschrift Für Romanische Philologie Series ;  |v v.472 
520 |a The book series Beihefte zur Zeitschrift für romanische Philologie is among the most renowned publications in Romance Studies. It covers the entire field of Romance linguistics, including the national languages as well as the lesser studied Romance languages. The series publishes high-quality monographs and collected volumes on all areas of linguistic research, on medieval literature and on textual criticism. 
588 |a Description based on publisher supplied metadata and other sources. 
590 |a Electronic reproduction. Ann Arbor, Michigan : ProQuest Ebook Central, 2023. Available via World Wide Web. Access may be limited to ProQuest Ebook Central affiliated libraries.  
655 4 |a Electronic books. 
776 0 8 |i Print version:  |a Kleineberg, Désirée  |t The Expression of Collectivity in Romance Languages  |d Berlin/Boston : Walter de Gruyter GmbH,c2022 
797 2 |a ProQuest (Firm) 
830 0 |a Beihefte Zur Zeitschrift Für Romanische Philologie Series 
856 4 0 |u https://ebookcentral.proquest.com/lib/matrademy/detail.action?docID=7070278  |z Click to View